000 00505nam a2200181 a 4500
001 000046459
003 OSt
005 20201106082248.0
008 150817s1992 000 spa d
040 _aDO-SdBNP
_bspa
_cBNPHU
082 _axxx
_bxxx
245 3 _aEl padre Robles Toledano.
260 _aSanto Domingo, República Dominicana, :
_bRafael Bello Peguero,
_c1992.
300 _a18 p. : ;
_c20 cm.
590 _aInventariado, 2020 / DG
910 _aInventariado, 2020 / DG
942 _2ddc
_cLBS1
999 _c45948
_d45948